The administration of planning gain supplement (Record no. 105570)

MARC details
000 -LEADER
fixed length control field 01595cam a2200241 4500
001 - CONTROL NUMBER
control field ##L134156
008 - FIXED-LENGTH DATA ELEMENTS--GENERAL INFORMATION
fixed length control field 060713n2006 000 0 eng u
035 ## - SYSTEM CONTROL NUMBER
System control number (Sirsi) u134156
041 0# - LANGUAGE CODE
Language code of text/sound track or separate title eng
050 04 - LIBRARY OF CONGRESS CALL NUMBER
Classification number 711.1 $2 18
110 2# - MAIN ENTRY--CORPORATE NAME
Corporate name or jurisdiction name as entry element South East England Regional Assembly
9 (RLIN) 4632
245 04 - TITLE STATEMENT
Title The administration of planning gain supplement
Remainder of title final report
260 ## - PUBLICATION, DISTRIBUTION, ETC.
Place of publication, distribution, etc. Guildford
Name of publisher, distributor, etc. SEERA
Date of publication, distribution, etc. 2006
520 ## - SUMMARY, ETC.
Summary, etc. Investigates the benefits of local Planning Guidance Supplement (PGS) administration over the government proposed centralised system. Suggests that PGS needs to be part of the planning system and to work alongside the s106 system, that local authorities should collect and distribute PGS funds for greatest community benefit. PGS could ensure that local authorities deliver properly planned development supported by adequate infrastructure. A Regional Infrastructure Fund would add to the investment available by forward-funding the infrastructure to support new development and attracting additional private sector finance. Strategic education, health and transport infrastructure should be funded through PGS not s106.
650 24 - SUBJECT ADDED ENTRY--TOPICAL TERM
Topical term or geographic name entry element TOWN AND COUNTRY PLANNING ACT 1990 S106
650 24 - SUBJECT ADDED ENTRY--TOPICAL TERM
Topical term or geographic name entry element PLANNING GAIN SUPPLEMENT
650 24 - SUBJECT ADDED ENTRY--TOPICAL TERM
Topical term or geographic name entry element TOWN AND COUNTRY PLANNING ACT 1990 S106
651 #4 - SUBJECT ADDED ENTRY--GEOGRAPHIC NAME
Geographic name England
Chronological subdivision 886-
690 ## - LOCAL SUBJECT ADDED ENTRY--TOPICAL TERM (OCLC, RLIN)
Topical term or geographic name as entry element ENVIRONMENTAL AND LAND CONSULTANCY-PLANNING AND DEVELOPMENT-PLANNING REFORM
710 2# - ADDED ENTRY--CORPORATE NAME
Corporate name or jurisdiction name as entry element Hewdon Consulting
9 (RLIN) 4978
856 40 - ELECTRONIC LOCATION AND ACCESS
Uniform Resource Identifier <a href="https://www.southeast-ra.gov.uk/southeastplan/plan/pgs.html">https://www.southeast-ra.gov.uk/southeastplan/plan/pgs.html</a>
Public note View the report free of charge at www.southeast-ra.gov.uk...
942 ## - ADDED ENTRY ELEMENTS (KOHA)
Suppress in OPAC 0
Holdings
Withdrawn status Lost status Source of classification or shelving scheme Damaged status Not for loan Home library Current library Shelving location Date acquired Total Checkouts Full call number Barcode Date last seen Copy number Price effective from Koha item type
    Dewey Decimal Classification     Virtual Virtual Online 13/07/2006   ONLINE PUBLICATION 134156-2001 06/08/2019 1 06/08/2019 Book